[Event "SRB-chT 2nd League"]
[Site "Vrnjacka Banja"]
[Date "2022.11.08"]
[Round "6.4"]
[White "Djurnic, Strahinja"]
[Black "Kumic, Filip"]
[Result "0-1"]
[WhiteElo "2106"]
[BlackElo "2231"]
[PlyCount "102"]
[EventDate "2022.11.04"]
[EventType "team-tourn"]
[EventRounds "11"]
[EventCountry "SRB"]
[SourceTitle "CBM 211 Extra"]
[Source "ChessBase"]
[SourceDate "2023.01.31"]
[SourceVersion "1"]
[SourceVersionDate "2023.01.31"]
[SourceQuality "1"]
[WhiteTeam "Gajdobra Hercegovac"]
[BlackTeam "Petrovaradin Kraljica"]
[WhiteTeamCountry "SRB"]
[BlackTeamCountry "SRB"]

1. e4 c5 2. Nf3 d6 3. Bb5+ Nd7 4. d4 cxd4 5. Qxd4 a6 6. Bxd7+ Bxd7 7. Nc3 e5 8. Qd3 h6 9. 0-0 Nf6 10. a4 Be7 11. Nd2 Be6 12. Nc4 Rc8 13. Ne3 Qc7 14. Ned5 Bxd5 15. exd5 Qc4 16. Qh3 0-0 17. Rd1 Qg4 18. Qxg4 Nxg4 19. f3 Nf6 20. Be3 Rc4 21. Ra3 Rfc8 22. Rb3 R8c7 23. Bb6 Rd7 24. Re1 g6 25. g3 Kg7 26. Re2 Nh7 27. Re4 Rxe4 28. Nxe4 f5 29. Nf2 Nf6 30. c4 Kf7 31. Re3 Bd8 32. Bxd8 Rxd8 33. Kf1 b5 34. axb5 axb5 35. cxb5 Rb8 36. Rb3 Nxd5 37. Nd1 Ke6 38. Ke2 Nc7 39. Nc3 Rb6 40. Kd3 d5 41. Na4 Rxb5 42. Kc3 Kd6 43. Rxb5 Nxb5+ 44. Kb4 Nd4 45. f4 e4 46. Kc3 Nf3 47. b4 d4+ 48. Kc4 d3 49. Nb2 Nxh2 50. b5 Nf1 51. Kd4 d2 0-1

[Event "SRB-chT 2nd League"]
[Site "Vrnjacka Banja"]
[Date "2022.11.07"]
[Round "5.3"]
[White "Stamenkovic, Aleksandar"]
[Black "Kumic, Filip"]
[Result "1/2-1/2"]
[WhiteElo "2203"]
[BlackElo "2231"]
[PlyCount "32"]
[EventDate "2022.11.04"]
[EventType "team-tourn"]
[EventRounds "11"]
[EventCountry "SRB"]
[SourceTitle "CBM 211 Extra"]
[Source "ChessBase"]
[SourceDate "2023.01.31"]
[SourceVersion "1"]
[SourceVersionDate "2023.01.31"]
[SourceQuality "1"]
[WhiteTeam "Nova Pazova Mladost"]
[BlackTeam "Petrovaradin Kraljica"]
[WhiteTeamCountry "SRB"]
[BlackTeamCountry "SRB"]

1. d4 Nf6 2. Nf3 g6 3. Bf4 Bg7 4. e3 0-0 5. h3 d6 6. Be2 c5 7. c3 b6 8. 0-0 Bb7 9. Nbd2 Nbd7 10. Bh2 Ne4 11. Nxe4 Bxe4 12. Nd2 Bc6 13. Bf3 Qc8 14. a4 a6 15. Bxc6 Qxc6 16. Qf3 Qxf3 1/2-1/2

[Event "Oberliga Bayern 1920"]
[Site "Bayern"]
[Date "2019.11.10"]
[Round "2.2"]
[White "Kumic, Filip"]
[Black "Krensing, Jan"]
[Result "1-0"]
[WhiteElo "2304"]
[BlackElo "2334"]
[PlyCount "73"]
[EventDate "2019.10.20"]
[EventType "team-tourn"]
[EventRounds "9"]
[EventCountry "GER"]
[SourceTitle "EXT 2021"]
[Source "ChessBase"]
[SourceDate "2020.10.23"]
[SourceVersion "1"]
[SourceVersionDate "2020.10.23"]
[SourceQuality "1"]
[WhiteTeam "Trostberg"]
[BlackTeam "Bindlach Aktionaer"]
[WhiteTeamCountry "GER"]
[BlackTeamCountry "GER"]

1. Nf3 Nf6 2. d4 e6 3. Bf4 c5 4. e3 cxd4 5. exd4 b6 6. Bd3 Bb7 7. 0-0 Be7 8. h3 0-0 9. a4 a6 10. Nbd2 d6 11. a5 Nd5 12. Bh2 b5 13. c4 bxc4 14. Nxc4 Nc6 15. Re1 Ncb4 16. Bf1 Bc6 17. Nfd2 Qb8 18. Ne4 Rd8 19. Qb3 Ra7 20. Rac1 Rad7 21. Nc5 Rc7 22. Ne4 Rcd7 23. Nb6 Rb7 24. Nc5 Ra7 25. Nxa6 Nxa6 26. Rxc6 Nab4 27. Rc5 Nxb6 28. axb6 Rb7 29. Qxb4 dxc5 30. dxc5 Qa8 31. Qb5 Rd5 32. b4 Qc8 33. Bc4 Rxc5 34. bxc5 Bxc5 35. Bc7 Bxb6 36. Bxb6 Qb8 37. Rb1 1-0

[Event "Vojvodina op 9th"]
[Site "Novi Sad"]
[Date "2018.07.27"]
[Round "9"]
[White "Kumic, Filip"]
[Black "Milosevic, Milos"]
[Result "0-1"]
[WhiteElo "2230"]
[BlackElo "2315"]
[PlyCount "90"]
[EventDate "2018.07.22"]
[EventType "swiss"]
[EventRounds "9"]
[EventCountry "YUG"]
[SourceTitle "CBM 185 Extra"]
[Source "ChessBase"]
[SourceDate "2018.07.29"]
[SourceVersion "1"]
[SourceVersionDate "2018.07.29"]
[SourceQuality "1"]

1. b3 e5 2. Bb2 Nc6 3. e3 Nf6 4. Bb5 Bd6 5. Na3 Na5 6. Be2 a6 7. Nf3 Qe7 8. Nb1 b5 9. d4 e4 10. Nfd2 0-0 11. c4 bxc4 12. bxc4 c5 13. d5 Be5 14. Nc3 Rb8 15. Qc2 d6 16. h3 Nd7 17. Ndxe4 f5 18. Nd2 f4 19. e4 Qf6 20. Nb3 Rb4 21. Nd1 f3 22. gxf3 Bxb2 23. Nxb2 Ne5 24. 0-0-0 Nxb3+ 25. axb3 Bd7 26. Nd3 Nxd3+ 27. Rxd3 a5 28. Qc3 Qg5+ 29. Qd2 Qe7 30. Rg1 a4 31. Qg5 Rf6 32. e5 dxe5 33. d6 Qf8 34. Qxe5 Re6 35. Qxc5 Qf6 36. Re3 Rxe3 37. fxe3 Qc3+ 38. Kd1 Rxb3 39. Qd5+ Kf8 40. Qe4 Qa1+ 41. Kd2 Rb2+ 42. Kd3 Qa3+ 43. Kd4 Qxd6+ 44. Qd5 Qf6+ 45. Ke4 Bc6 0-1

[Event "Vojvodina op 9th"]
[Site "Novi Sad"]
[Date "2018.07.26"]
[Round "8"]
[White "Altantuya, Boldbaatar"]
[Black "Kumic, Filip"]
[Result "0-1"]
[WhiteElo "2060"]
[BlackElo "2230"]
[PlyCount "95"]
[EventDate "2018.07.22"]
[EventType "swiss"]
[EventRounds "9"]
[EventCountry "YUG"]
[SourceTitle "CBM 185 Extra"]
[Source "ChessBase"]
[SourceDate "2018.07.29"]
[SourceVersion "1"]
[SourceVersionDate "2018.07.29"]
[SourceQuality "1"]

1. d4 Nf6 2. c4 g6 3. Nc3 Bg7 4. Nf3 0-0 5. g3 d6 6. Bg2 Nc6 7. d5 Na5 8. Qd3 c5 9. 0-0 a6 10. e4 e5 11. Bd2 Rb8 12. b3 Bd7 13. Rab1 b5 14. a3 Qc7 15. Rfe1 Rb7 16. Bf1 Rfb8 17. Qc2 bxc4 18. bxc4 Bg4 19. Nh4 Bd7 20. Nf3 Ne8 21. Bd3 Bf6 22. Kg2 Bd8 23. h4 Qc8 24. Be3 Nb3 25. Nb5 Na5 26. Nc3 Nf6 27. Bg5 Kg7 28. Nh2 Ne8 29. Be3 Nb3 30. Nb5 Na5 31. Nc3 h5 32. Nf3 Nf6 33. Nh2 Bh3+ 34. Kh1 Nd7 35. Nf3 Nb6 36. Ne2 Bd7 37. Bd2 Na4 38. Bc3 Nxc3 39. Nxc3 Nb3 40. Nb5 axb5 41. Rxb3 b4 42. axb4 cxb4 43. Ra1 Ra8 44. Rxa8 Qxa8 45. Qb2 Qa5 46. Qc1 Rb6 47. Kg2 Qc5 48. Nd2 0-1

[Event "Vojvodina op 9th"]
[Site "Novi Sad"]
[Date "2018.07.25"]
[Round "6"]
[White "Budisavljevic, Luka"]
[Black "Kumic, Filip"]
[Result "1/2-1/2"]
[WhiteElo "2324"]
[BlackElo "2230"]
[PlyCount "90"]
[EventDate "2018.07.22"]
[EventType "swiss"]
[EventRounds "9"]
[EventCountry "YUG"]
[SourceTitle "CBM 185 Extra"]
[Source "ChessBase"]
[SourceDate "2018.07.29"]
[SourceVersion "1"]
[SourceVersionDate "2018.07.29"]
[SourceQuality "1"]

1. d4 Nf6 2. Nf3 g6 3. Bf4 Bg7 4. e3 d6 5. h3 0-0 6. Be2 c5 7. c3 Qb6 8. Qc1 Nc6 9. Nbd2 cxd4 10. exd4 Nd5 11. Nc4 Qc7 12. Bh2 b5 13. Ne3 Nxe3 14. Qxe3 b4 15. c4 Qb6 16. Rd1 e5 17. dxe5 dxe5 18. Rd6 Nd4 19. Rxb6 Nc2+ 20. Kd2 Nxe3 21. Rxb4 Rd8+ 22. Kc1 Nxg2 23. Bxe5 Bh6+ 24. Kc2 Bf5+ 25. Kc3 Nf4 26. Bxf4 Bxf4 27. h4 Bh6 28. a3 Bg7+ 29. Kb3 a5 30. Rb5 Bd7 31. a4 Bxb5 32. axb5 a4+ 33. Ka2 a3 34. b4 Re8 35. Bd3 Bc3 36. Kb3 Bf6 37. Ka2 Bc3 38. Kb3 Bf6 39. Ka2 Red8 40. Be4 Rab8 41. Kxa3 Re8 42. Bd3 Red8 43. Be4 Re8 44. Bd3 Red8 45. Be4 Re8 1/2-1/2

[Event "Vojvodina op 9th"]
[Site "Novi Sad"]
[Date "2018.07.23"]
[Round "3"]
[White "Kumic, Filip"]
[Black "Drazic, Sinisa"]
[Result "0-1"]
[WhiteElo "2230"]
[BlackElo "2421"]
[PlyCount "130"]
[EventDate "2018.07.22"]
[EventType "swiss"]
[EventRounds "9"]
[EventCountry "YUG"]
[SourceTitle "CBM 185 Extra"]
[Source "ChessBase"]
[SourceDate "2018.07.29"]
[SourceVersion "1"]
[SourceVersionDate "2018.07.29"]
[SourceQuality "1"]

1. d4 Nf6 2. c4 d6 3. Nc3 e5 4. Nf3 Nbd7 5. e4 c6 6. Be2 Be7 7. 0-0 0-0 8. Re1 Re8 9. Rb1 a5 10. b3 Bf8 11. Bf1 Qc7 12. a3 exd4 13. Nxd4 Nc5 14. f3 h6 15. Be3 Ne6 16. Nc2 Nd7 17. Qd2 Ndc5 18. b4 axb4 19. axb4 Nd7 20. Ra1 Rxa1 21. Rxa1 Be7 22. Rd1 Ndf8 23. Bf2 Rd8 24. Na4 Qb8 25. Nb6 Bg5 26. Qe1 Bf6 27. Kh1 Bd7 28. Ne3 h5 29. Nxd7 Rxd7 30. g3 Rd8 31. Qd2 Qc7 32. f4 g6 33. h4 Bg7 34. Nc2 Nh7 35. Bh3 Nf6 36. Qd3 Re8 37. Bg2 Nf8 38. c5 Ng4 39. Bg1 dxc5 40. bxc5 Ne6 41. Qb3 Bf8 42. Qb6 Qxb6 43. cxb6 Bc5 44. Rd7 Bxg1 45. Kxg1 Nc5 46. Rc7 Rd8 47. e5 Rd1+ 48. Bf1 Rb1 49. Na3 Rxb6 50. Nc4 Rb1 51. Kg2 Rc1 52. Nd6 Ne3+ 53. Kf2 Nxf1 54. Rc8+ Kh7 55. Ne8 Ne4+ 56. Kf3 Nfxg3 57. Rc7 Rc3+ 58. Kg2 Kg8 59. Rc8 Kh7 60. Rc7 Nf5 61. e6 Ne3+ 62. Kh1 Rc2 63. Nf6+ Nxf6 64. Rxf7+ Kg8 65. Rxf6 Rc1+ 0-1

[Event "Senta op 22nd"]
[Site "Senta"]
[Date "2018.07.18"]
[Round "6"]
[White "Kumic, Filip"]
[Black "Budisavljevic, Luka"]
[Result "1-0"]
[WhiteElo "2230"]
[BlackElo "2324"]
[PlyCount "137"]
[EventDate "2018.07.14"]
[EventType "swiss"]
[EventRounds "9"]
[EventCountry "SRB"]
[SourceTitle "CBM 185 Extra"]
[Source "ChessBase"]
[SourceDate "2018.07.29"]
[SourceVersion "1"]
[SourceVersionDate "2018.07.29"]
[SourceQuality "1"]

1. d4 Nf6 2. Nf3 e6 3. Bf4 c5 4. e3 cxd4 5. exd4 Be7 6. Nbd2 b6 7. Bd3 Bb7 8. h3 0-0 9. 0-0 d6 10. Qe2 Nbd7 11. c3 Re8 12. a4 Bf8 13. Bg3 e5 14. dxe5 dxe5 15. Ne4 Nh5 16. Nfg5 Bxe4 17. Nxe4 Nf4 18. Bxf4 exf4 19. Bb5 a6 20. Bxd7 Qxd7 21. Qc2 Qf5 22. f3 Rad8 23. Rfd1 Be7 24. Rxd8 Rxd8 25. Rd1 Qc8 26. Rxd8+ Qxd8 27. Qd2 Qxd2 28. Nxd2 f5 29. Kf2 Kf7 30. Ke2 Ke6 31. Kd3 Kd5 32. Nb3 a5 33. Nd4 g6 34. Nb5 Kc5 35. Na3 Kd5 36. Nc4 Bc5 37. b4 axb4 38. cxb4 Bxb4 39. Nxb6+ Kc6 40. Nc4 Kc5 41. a5 Kd5 42. a6 Bc5 43. Kc3 Kc6 44. Ne5+ Kb5 45. Nd3 Be3 46. Nxf4 Kxa6 47. Nd5 Bg5 48. Kc4 Kb7 49. Kc5 Ka6 50. Kd6 Kb5 51. Ke6 Kc4 52. Nf6 h6 53. Kf7 Kd3 54. Kxg6 f4 55. Kf5 Ke2 56. Ne4 Be7 57. Kxf4 Kf1 58. g3 Kg2 59. h4 h5 60. Ke3 Kh3 61. Kf2 Bd8 62. Ng5+ Kh2 63. f4 Bc7 64. Kf3 Bd6 65. Ne4 Be7 66. f5 Kh3 67. f6 Bd8 68. f7 Be7 69. Ng5+ 1-0

[Event "Senta op 22nd"]
[Site "Senta"]
[Date "2018.07.16"]
[Round "4"]
[White "Kumic, Filip"]
[Black "Cvitan, Ognjen"]
[Result "1/2-1/2"]
[WhiteElo "2230"]
[BlackElo "2496"]
[PlyCount "40"]
[EventDate "2018.07.14"]
[EventType "swiss"]
[EventRounds "9"]
[EventCountry "SRB"]
[SourceTitle "CBM 185 Extra"]
[Source "ChessBase"]
[SourceDate "2018.07.29"]
[SourceVersion "1"]
[SourceVersionDate "2018.07.29"]
[SourceQuality "1"]

1. Nf3 c5 2. e4 g6 3. d4 cxd4 4. Nxd4 Nc6 5. Nc3 Bg7 6. Be3 Nf6 7. Bc4 0-0 8. f3 d6 9. Qd2 Bd7 10. Bb3 Rc8 11. 0-0-0 Nxd4 12. Bxd4 b5 13. Nd5 Nxd5 14. Bxg7 Kxg7 15. exd5 a5 16. a3 Kg8 17. Rhe1 Rc5 18. Re3 b4 19. a4 Qe8 20. Qe2 Bxa4 1/2-1/2

[Event "Senta op 22nd"]
[Site "Senta"]
[Date "2018.07.15"]
[Round "3"]
[White "Milosevic, Milos"]
[Black "Kumic, Filip"]
[Result "0-1"]
[WhiteElo "2315"]
[BlackElo "2230"]
[PlyCount "100"]
[EventDate "2018.07.14"]
[EventType "swiss"]
[EventRounds "9"]
[EventCountry "SRB"]
[SourceTitle "CBM 185 Extra"]
[Source "ChessBase"]
[SourceDate "2018.07.29"]
[SourceVersion "1"]
[SourceVersionDate "2018.07.29"]
[SourceQuality "1"]

1. e4 d6 2. d4 Nf6 3. Nc3 c6 4. f4 Qa5 5. e5 Ne4 6. Bd2 Nxd2 7. Qxd2 e6 8. Nf3 d5 9. Be2 c5 10. 0-0 Nc6 11. Kh1 cxd4 12. Nxd4 Nxd4 13. Qxd4 Bc5 14. Qd3 0-0 15. Rf3 f5 16. exf6 Rxf6 17. f5 exf5 18. Qxd5+ Be6 19. Qxb7 Rd8 20. Qb5 Qxb5 21. Bxb5 Rb8 22. Re1 Bf7 23. Rd1 Bh5 24. Bc4+ Kh8 25. Rd5 Bxf3 26. Rxc5 Bb7 27. Bd3 Rbf8 28. Kg1 g6 29. Kf2 Rb6 30. b3 Rc6 31. Na4 Rxc5 32. Nxc5 Bc6 33. b4 Rb8 34. a3 Kg7 35. c4 Rc8 36. g3 Kf6 37. Ke3 Ke5 38. Be2 g5 39. Nd3+ Kd6 40. Kd4 Re8 41. c5+ Kc7 42. Ne5 f4 43. gxf4 gxf4 44. Bg4 Bg2 45. a4 Rd8+ 46. Kc4 Bf1+ 47. Kc3 Rd5 48. Nf7 f3 49. Nd6 h5 50. Be6 Re5 0-1

[Event "Regionalliga Sued-Ost 1718"]
[Site "Bayern"]
[Date "2018.02.25"]
[Round "7.1"]
[White "Zenker, Ulrich"]
[Black "Kumic, Filip"]
[Result "0-1"]
[WhiteElo "2172"]
[BlackElo "2314"]
[PlyCount "112"]
[EventDate "2017.10.22"]
[EventType "team-tourn"]
[EventRounds "9"]
[EventCountry "GER"]
[SourceTitle "EXT 2022"]
[Source "ChessBase"]
[SourceDate "2021.10.06"]
[SourceVersion "1"]
[SourceVersionDate "2021.10.06"]
[SourceQuality "1"]
[WhiteTeam "Ebersberg Grafing"]
[BlackTeam "Trostberg TSV"]
[WhiteTeamCountry "GER"]
[BlackTeamCountry "GER"]

1. d4 Nf6 2. c4 g6 3. Nc3 Bg7 4. e4 d6 5. Nf3 0-0 6. Be2 e5 7. d5 a5 8. h3 Na6 9. Be3 Nd7 10. g4 f5 11. gxf5 gxf5 12. exf5 Ndc5 13. Bg5 Qe8 14. Nh4 e4 15. Rg1 Kh8 16. Bh5 Nd3+ 17. Kf1 Qe5 18. Bg6 Rxf5 19. Bxf5 Bxf5 20. Nxf5 Qxf5 21. Be3 Qxh3+ 22. Ke2 Nxb2 23. Qd4 Qh5+ 24. Kd2 Qe5 25. Qxe5 Bxe5 26. Nxe4 Nxc4+ 27. Kd3 Nxe3 28. Kxe3 Bxa1 29. Rxa1 Re8 30. Kd4 Nb4 31. Rc1 c5+ 32. dxc6 Nxc6+ 33. Kd3 d5 34. Nf6 Nb4+ 35. Kd2 Rf8 36. Ng4 Rf4 37. Rc8+ Kg7 38. Rc7+ Rf7 39. Rc5 h5 40. Ne5 Rxf2+ 41. Ke3 Rxa2 42. Kf4 Kf6 43. Rb5 Ra4 44. Nd7+ Ke7 45. Rxb7 Kd6 46. Nf6 Nc6+ 47. Kf5 Ne7+ 48. Kg5 Ke6 49. Nxh5 Nc6 50. Nf6 Rb4 51. Rh7 a4 52. Nh5 Ke5 53. Rh6 Nd4 54. Ra6 Ne6+ 55. Kh6 Rh4 56. Kg6 Nf4+ 0-1

[Event "Vojvodina-chT"]
[Site "Novi Sad"]
[Date "2017.11.18"]
[Round "7.5"]
[White "Krejic, Igor"]
[Black "Kumic, Filip"]
[Result "1/2-1/2"]
[WhiteElo "2264"]
[BlackElo "2265"]
[PlyCount "85"]
[EventDate "2017.11.13"]
[EventType "team-tourn"]
[EventRounds "11"]
[EventCountry "SRB"]
[SourceTitle "CBM 181 Extra"]
[Source "ChessBase"]
[SourceDate "2017.12.12"]
[SourceVersion "1"]
[SourceVersionDate "2017.12.12"]
[SourceQuality "1"]
[WhiteTeam "Novi Sad Vojvodina"]
[BlackTeam "Subotica Spartak"]
[WhiteTeamCountry "SRB"]
[BlackTeamCountry "SRB"]

1. e4 c5 2. c3 d6 3. d4 Nf6 4. f3 cxd4 5. cxd4 g6 6. Bd3 Bg7 7. Ne2 0-0 8. Be3 e5 9. 0-0 Nc6 10. d5 Nb4 11. Bc4 Nd7 12. Nbc3 Nb6 13. Bb5 a6 14. Qb3 N4xd5 15. exd5 axb5 16. Nxb5 Na4 17. Nec3 Nc5 18. Qc4 Bf5 19. Nxd6 Qxd6 20. Qxc5 Qa6 21. Rfd1 Rfc8 22. Qb6 Bh6 23. Bf2 Qxb6 24. Bxb6 Ra6 25. Bf2 Bc2 26. Re1 f6 27. Be3 Bf8 28. Rac1 Bf5 29. a3 Raa8 30. Nb5 Bc2 31. d6 Rc6 32. Na7 Rc4 33. Re2 Bd3 34. Rxc4 Bxe2 35. Rc2 Bd1 36. Rd2 Ba4 37. Bb6 Bd7 38. Rc2 Kf7 39. Rc7 Ke6 40. Rxb7 Bxd6 41. b4 Rb8 42. Rxb8 Bxb8 43. b5 1/2-1/2

[Event "Palic Karadzic Memorial op"]
[Site "Palic"]
[Date "2017.11.03"]
[Round "9"]
[White "Stojanovski, Zdravko"]
[Black "Kumic, Filip"]
[Result "0-1"]
[WhiteElo "2040"]
[BlackElo "2265"]
[PlyCount "84"]
[EventDate "2017.10.28"]
[EventType "swiss"]
[EventRounds "9"]
[EventCountry "SRB"]
[SourceTitle "CBM 181 Extra"]
[Source "ChessBase"]
[SourceDate "2017.12.12"]
[SourceVersion "1"]
[SourceVersionDate "2017.12.12"]
[SourceQuality "1"]

1. Nc3 d5 2. e3 Nf6 3. f4 d4 4. exd4 Qxd4 5. Nge2 Qd8 6. d4 g6 7. Be3 Nbd7 8. Qd2 Nb6 9. Ng3 h5 10. 0-0-0 Nbd5 11. Nge4 Bh6 12. Bc4 Nxe4 13. Nxe4 Bf5 14. Ng3 Be6 15. Bd3 c6 16. c4 Nxe3 17. Qxe3 Qd6 18. Rhf1 0-0-0 19. d5 cxd5 20. Qxa7 Qb8 21. Qc5+ Qc7 22. Qxc7+ Kxc7 23. Rde1 h4 24. Nh1 Kd6 25. Rd1 Kc5 26. cxd5 Bxd5 27. Rf2 h3 28. Ng3 e5 29. gxh3 Bxf4+ 30. Kb1 Kb6 31. Ne2 Be4 32. Nxf4 exf4 33. Rfd2 Rxd3 34. Rxd3 Rxh3 35. Kc2 Rxh2+ 36. Kc3 Bxd3 37. Rxd3 Kc6 38. a4 g5 39. b4 g4 40. b5+ Kc5 41. Rd7 g3 42. Rxf7 g2 0-1

[Event "Palic Karadzic Memorial op"]
[Site "Palic"]
[Date "2017.10.31"]
[Round "5"]
[White "Kumic, Filip"]
[Black "Anand, Nadar"]
[Result "0-1"]
[WhiteElo "2265"]
[BlackElo "2114"]
[PlyCount "111"]
[EventDate "2017.10.28"]
[EventType "swiss"]
[EventRounds "9"]
[EventCountry "SRB"]
[SourceTitle "CBM 181 Extra"]
[Source "ChessBase"]
[SourceDate "2017.12.12"]
[SourceVersion "1"]
[SourceVersionDate "2017.12.12"]
[SourceQuality "1"]

1. b3 b6 2. Bb2 Bb7 3. e3 e6 4. Nf3 Nf6 5. Be2 Be7 6. 0-0 0-0 7. c4 c5 8. Nc3 d6 9. d4 cxd4 10. Nxd4 a6 11. Bf3 Qc8 12. Rc1 Nbd7 13. Bxb7 Qxb7 14. Qf3 Qxf3 15. gxf3 Rfc8 16. Rfd1 Rab8 17. Kf1 Bf8 18. Ke2 Rc5 19. Nc2 Rh5 20. Rh1 b5 21. cxb5 axb5 22. Nd4 b4 23. Na4 Nc5 24. Nxc5 dxc5 25. Nc2 Nd5 26. Ne1 Ra8 27. Ra1 Nb6 28. Nd3 c4 29. bxc4 Nxc4 30. Bd4 Rha5 31. Rhc1 Rxa2+ 32. Rxa2 Rxa2+ 33. Kd1 Rd2+ 34. Ke1 Rxd3 35. Rxc4 f6 36. Ke2 Rb3 37. f4 Ra3 38. Bc5 Ra2+ 39. Kf3 b3 40. Bxf8 Kxf8 41. Rc7 Rc2 42. Rb7 b2 43. h4 f5 44. h5 h6 45. e4 fxe4+ 46. Kxe4 Rxf2 47. Ke3 Rh2 48. Ke4 Rxh5 49. Rxb2 Kf7 50. Kf3 Kf6 51. Kg4 Rh1 52. Rb6 Rg1+ 53. Kf3 Rf1+ 54. Kg4 h5+ 55. Kg3 Rd1 56. Rb8 0-1

[Event "Maccabiah IM-A"]
[Site "Jerusalem"]
[Date "2017.07.11"]
[Round "6"]
[White "Kumic, Filip"]
[Black "Cohen Revivo, Shoham"]
[Result "1/2-1/2"]
[WhiteElo "2304"]
[BlackElo "2249"]
[PlyCount "85"]
[EventDate "2017.07.05"]
[EventType "tourn"]
[EventRounds "9"]
[EventCountry "ISR"]
[EventCategory "3"]
[SourceTitle "CBM 179 Extra"]
[Source "ChessBase"]
[SourceDate "2017.08.23"]
[SourceVersion "1"]
[SourceVersionDate "2017.08.23"]
[SourceQuality "1"]

1. d4 Nf6 2. Bf4 g6 3. Nc3 c5 4. dxc5 Bg7 5. e4 Qa5 6. Qd2 0-0 7. 0-0-0 Na6 8. f3 Nxc5 9. Bh6 d6 10. Bxg7 Kxg7 11. Kb1 Be6 12. Nge2 b5 13. Nf4 Bc4 14. Bxc4 bxc4 15. Ncd5 Qxd2 16. Rxd2 Rab8 17. c3 Rb7 18. Nxf6 Kxf6 19. Nd5+ Kg7 20. Ne3 Na4 21. Nxc4 Nxc3+ 22. Ka1 Na4 23. b3 Nc5 24. Rc2 Ra8 25. e5 d5 26. Ne3 Rb5 27. Rd1 e6 28. Ng4 h5 29. Nf2 Na6 30. Nh3 Rc5 31. Rxc5 Nxc5 32. Ng5 f6 33. Rc1 Nxb3+ 34. axb3 fxg5 35. Rc7+ Kf8 36. Rh7 Rd8 37. Rh8+ Ke7 38. Rh7+ Kf8 39. Kb2 d4 40. Rh8+ Ke7 41. Rh7+ Kf8 42. Rh8+ Ke7 43. Rh7+ 1/2-1/2

[Event "Maccabiah IM-A"]
[Site "Jerusalem"]
[Date "2017.07.07"]
[Round "3"]
[White "Iliaguev, Nisim"]
[Black "Kumic, Filip"]
[Result "1/2-1/2"]
[WhiteElo "2301"]
[BlackElo "2304"]
[PlyCount "62"]
[EventDate "2017.07.05"]
[EventType "tourn"]
[EventRounds "9"]
[EventCountry "ISR"]
[EventCategory "3"]
[SourceTitle "CBM 179 Extra"]
[Source "ChessBase"]
[SourceDate "2017.08.23"]
[SourceVersion "1"]
[SourceVersionDate "2017.08.23"]
[SourceQuality "1"]

1. d4 Nf6 2. Nf3 g6 3. g3 Bg7 4. Bg2 0-0 5. 0-0 d6 6. b3 Nbd7 7. Bb2 e5 8. dxe5 Ng4 9. Qc1 Ngxe5 10. c4 Re8 11. Nc3 Nc5 12. Nxe5 Bxe5 13. Nd5 c6 14. Bxe5 dxe5 15. Nc3 a5 16. Rd1 Qe7 17. Ne4 Nxe4 18. Bxe4 Bg4 19. Bf3 Bxf3 20. exf3 a4 21. Qc3 axb3 22. axb3 Rxa1 23. Rxa1 Qd7 24. Re1 f6 25. Kg2 Rd8 26. f4 exf4 27. Qxf6 Rf8 28. Qe6+ Qxe6 29. Rxe6 fxg3 30. hxg3 Kf7 31. Re3 Ra8 1/2-1/2

[Event "Vojvodina-chT"]
[Site "Kac"]
[Date "2016.11.22"]
[Round "11.4"]
[White "Kecskemeti, Arpad"]
[Black "Kumic, Filip"]
[Result "0-1"]
[WhiteElo "2216"]
[BlackElo "2313"]
[PlyCount "124"]
[EventDate "2016.11.15"]
[EventType "team-tourn"]
[EventRounds "11"]
[EventCountry "SRB"]
[SourceTitle "CBM 175 Extra"]
[Source "ChessBase"]
[SourceDate "2016.12.12"]
[SourceVersion "1"]
[SourceVersionDate "2016.12.12"]
[SourceQuality "1"]
[WhiteTeam "Senta"]
[BlackTeam "Backa Pacir"]
[WhiteTeamCountry "SRB"]
[BlackTeamCountry "SRB"]

1. e4 c5 2. Nf3 d6 3. d4 cxd4 4. Nxd4 Nf6 5. Nc3 Nc6 6. Be3 a6 7. h3 Nxd4 8. Bxd4 e5 9. Be3 Be6 10. Be2 Rc8 11. 0-0 Be7 12. a4 0-0 13. Bf3 Rc4 14. Nd5 Bxd5 15. exd5 Nd7 16. Be2 Rc8 17. c4 Bg5 18. Qd2 Bxe3 19. Qxe3 a5 20. f4 Qc7 21. f5 Qc5 22. Qxc5 Nxc5 23. Bd1 Ne4 24. b3 Rfe8 25. Re1 Nf6 26. g4 Nd7 27. Bc2 Kf8 28. Kf2 Ke7 29. Ke3 Nf6 30. Rad1 g5 31. fxg6 hxg6 32. Kf3 Rh8 33. Kg2 Nd7 34. Rf1 Rcg8 35. Kh2 Kf8 36. Rf3 Kg7 37. Rdf1 f6 38. Kg2 Re8 39. Kg3 Rhf8 40. h4 e4 41. Rf4 Nc5 42. h5 gxh5 43. gxh5 Re5 44. Rg4+ Kh8 45. Rg6 Rxh5 46. Rfxf6 Rg5+ 47. Kf4 Rxg6 48. Rxf8+ Kg7 49. Re8 Rf6+ 50. Ke3 Rf3+ 51. Ke2 Kf7 52. Rh8 Rc3 53. Kd2 Rg3 54. Rh4 e3+ 55. Ke2 Rg2+ 56. Kd1 Rd2+ 57. Kc1 Rg2 58. Rf4+ Kg7 59. Kd1 Rd2+ 60. Kc1 Rf2 61. Rg4+ Kf6 62. Rg8 Rf1+ 0-1

[Event "Vojvodina-chT"]
[Site "Kac"]
[Date "2016.11.17"]
[Round "4.5"]
[White "Krejic, Igor"]
[Black "Kumic, Filip"]
[Result "1-0"]
[WhiteElo "2235"]
[BlackElo "2313"]
[PlyCount "153"]
[EventDate "2016.11.15"]
[EventType "team-tourn"]
[EventRounds "11"]
[EventCountry "SRB"]
[SourceTitle "CBM 175 Extra"]
[Source "ChessBase"]
[SourceDate "2016.12.12"]
[SourceVersion "1"]
[SourceVersionDate "2016.12.12"]
[SourceQuality "1"]
[WhiteTeam "Vojvodina"]
[BlackTeam "Backa Pacir"]
[WhiteTeamCountry "SRB"]
[BlackTeamCountry "SRB"]

1. e4 e5 2. Nf3 Nc6 3. Nc3 Nf6 4. d4 exd4 5. Nxd4 d6 6. Bg5 Be7 7. Qd2 0-0 8. 0-0-0 Nxd4 9. Qxd4 c6 10. e5 Nd5 11. Bxe7 Qxe7 12. Nxd5 cxd5 13. exd6 Qxd6 14. Qxd5 Qf4+ 15. Qd2 Qa4 16. a3 Be6 17. Bd3 a5 18. Qe2 Qf4+ 19. Rd2 g6 20. g3 Qg5 21. Be4 Rfe8 22. f4 Qc5 23. Qf3 Rab8 24. f5 gxf5 25. Bd3 Rbd8 26. Rf1 Rd5 27. Qf2 Qc6 28. Qf4 Bd7 29. Rfd1 Qd6 30. Qf3 Bc6 31. Qf2 Qe5 32. Re2 Qd6 33. Rxe8+ Bxe8 34. Re1 Bd7 35. Qe3 b5 36. Qg5+ Kf8 37. Qd8+ Kg7 38. Qxa5 Qh6+ 39. Qd2 Qf6 40. Qf4 Be6 41. Rf1 Rd4 42. Qe3 b4 43. axb4 Rxb4 44. c3 Ra4 45. Kc2 h6 46. Rf4 Ra1 47. Qd4 Qxd4 48. Rxd4 Rh1 49. Rh4 Kg6 50. b4 Kg5 51. b5 f4 52. Be4 fxg3 53. hxg3 Rg1 54. b6 Bc8 55. Rf4 f5 56. Bxf5 Bxf5+ 57. Rxf5+ Kxf5 58. b7 Rg2+ 59. Kb3 Rg1 60. Kb2 Rg2+ 61. Ka3 Rxg3 62. b8Q Rxc3+ 63. Kb4 Re3 64. Qh2 Re6 65. Qh5+ Kf4 66. Qf7+ Ke5 67. Kc5 Rf6 68. Qd5+ Kf4 69. Kd4 Kg4 70. Qg2+ Kf5 71. Qg3 Rg6 72. Qe5+ Kg4 73. Ke4 Rg5 74. Qe6+ Kh5 75. Kf4 Kh4 76. Qxh6+ Rh5 77. Qg7 1-0